Statystyki dla Śląskie wyrazy/gwara - POZIOM TRUDNY

Kliknij tutaj aby rozwiązać quiz!

Ogólne statystyki

  • Ten quiz został rozwiązany 74 razy
  • Średni wynik to 4 z 25

Statystyki odpowiedzi

ślōnskŏ gŏdkapolsko gŏdka% Poprawnych
terozkiteraz
82%
sztylkij
58%
bakaćpalić
58%
nasućnasypać
39%
fajrowaćświętować
26%
zicherungbezpiecznik
25%
sztekergniazdko
25%
glajzaszyna
25%
ober (w kartach)dama
12%
nagelgwóźdź
12%
bezuchodwiedziny
12%
loufergoniec
9%
GryjtaMałgorzata
9%
zistatort
9%
fliderbez
7%
gumowe dakle
(idiom)
gumowe uszy
5%
szinbajmpiszczel
5%
alwęgorz
5%
kozatelnicaambona
4%
śtramciasno
4%
capaćdyszeć
4%
znokwiaćobiecać
4%
launahumor
2%
gitrakraty
2%
cyndralont
0%

Rozkład punktacji

Percentyl według liczby udzielonych odpowiedzi

Procent ludzi z każdym wynikiem

Twoja historia wyników

Nie rozwiązałeś tego quizu